Hersheypark Roller Coasters - Statistics

General Stats
  • This quiz has been taken 96 times
  • The average score is 10 of 14
Answer Stats
Height Year Built Name % Correct
212 ft 2012 Skyrush
92%
210 ft 2020 Candymonium
86%
150 ft 2004 Storm Runner
85%
140 ft 2023 Wildcat's Revenge
84%
90 ft 1998 Great Bear
82%
84 ft 1946 Comet
79%
121 ft 2008 Fahrenheit
79%
70 ft 1977 SooperDooperLooper
74%
92 ft 2000 Lightning Racer
71%
117 ft 1991 Jolly Rancher Remix
70%
51 ft 2015 Laff Track
66%
43 ft 1974 Trailblazer
62%
45 ft 1999 Wild Mouse
60%
13 ft 2014 Cocoa Cruiser
56%
No matching quizzes found
Score Distribution
Percent of People with Each Score
Percentile by Number Answered
Your Score History
You have not taken this quiz